000 01238cam a2200301Ia 4500
001 dearvincent00adam
003 CaSfIA
005 20210118001319.0
007 cr||||
008 870113s1986 enk 000 0 eng d
040 _aIXA
_cIXA
_dCaSfIA
020 _a0946407142
020 _a9780946407149
035 _a(OCoLC)15062195
050 4 _aPR6051.D32
_bD427 1986
100 1 _aAdams, Anna.
245 1 0 _aDear Vincent /
_h[electronic resource]
_cby Anna Adams.
260 _aHebden Bridge, West Yorkshire :
_bLittlewood Press,
_cc1986.
300 _a49 p. ;
_c21 cm.
029 1 _aUNITY
_b019909101
029 1 _aUKLBE
_b0946407142
029 1 _aUKMAN
_b0946407142
856 4 1 _uhttp://www.archive.org/details/dearvincent00adam
_zFree eBook from the Internet Archive
856 4 2 _uhttp://www.openlibrary.org/books/OL24375913M
_zAdditional information and access via Open Library
942 _cEB
506 _fНеобхідна авторизація на https://archive.org/ (створення облікового запису безкоштовно)
506 _fНеобхідна авторизація на https://openlibrary.org/ (створення облікового запису безкоштовно)
999 _c487129
_d487129